Planning the past: (Record no. 32550)

MARC details
000 -LEADER
fixed length control field 01278nam a2200397 a 4500
001 - CONTROL NUMBER
control field vtls000028530
003 - CONTROL NUMBER IDENTIFIER
control field NLI
005 - DATE AND TIME OF LATEST TRANSACTION
control field 20210601183144.0
008 - FIXED-LENGTH DATA ELEMENTS--GENERAL INFORMATION
fixed length control field 101125s1979 enka 001 0 eng
020 ## - INTERNATIONAL STANDARD BOOK NUMBER
International Standard Book Number 0712908161
Terms of availability £ 8.00
020 ## - INTERNATIONAL STANDARD BOOK NUMBER
International Standard Book Number 03086607
039 #9 - LEVEL OF BIBLIOGRAPHIC CONTROL AND CODING DETAIL [OBSOLETE]
-- 201011250232
-- VLOAD
040 0# - CATALOGING SOURCE
Original cataloging agency NLI
Language of cataloging eng
Transcribing agency VERGIS-2003
041 0# - LANGUAGE CODE
Language code of text/sound track or separate title eng
044 ## - COUNTRY OF PUBLISHING/PRODUCING ENTITY CODE
MARC country code enk
082 04 - DEWEY DECIMAL CLASSIFICATION NUMBER
Classification number 719
100 1# - MAIN ENTRY--PERSONAL NAME
Personal name Newcomb, Robert M.
9 (RLIN) 87255
245 10 - TITLE STATEMENT
Title Planning the past:
Remainder of title historical landscape resources and recreation/
Statement of responsibility, etc. Robert M. Newcomb
260 ## - PUBLICATION, DISTRIBUTION, ETC.
Place of publication, distribution, etc. Folkestone,
Date of publication, distribution, etc. Dawson,
-- 1979
300 ## - PHYSICAL DESCRIPTION
Extent 255 p.:
Other physical details ill.;
Dimensions 22 cm.
440 #0 - SERIES STATEMENT/ADDED ENTRY--TITLE
Title Studies in historical geography
9 (RLIN) 87256
504 ## - BIBLIOGRAPHY, ETC. NOTE
Bibliography, etc. note Includes bibliographical references and index
650 #0 - SUBJECT ADDED ENTRY--TOPICAL TERM
Topical term or geographic name entry element Landscape
9 (RLIN) 86438
650 #0 - SUBJECT ADDED ENTRY--TOPICAL TERM
Topical term or geographic name entry element Landscape protection
9 (RLIN) 87257
650 #0 - SUBJECT ADDED ENTRY--TOPICAL TERM
Topical term or geographic name entry element Nature conservation
9 (RLIN) 3803
887 ## - NON-MARC INFORMATION FIELD
Content of non-MARC field Sivnakalai S.
901 ## - LOCAL DATA ELEMENT A, LDA (RLIN)
a 457837
b 25/02/1980
902 ## - LOCAL DATA ELEMENT B, LDB (RLIN)
a E 719 N 435
903 ## - LOCAL DATA ELEMENT C, LDC (RLIN)
a 23/03/2004
904 ## - LOCAL DATA ELEMENT D, LDD (RLIN)
a Sivnakalai S.
906 ## - LOCAL DATA ELEMENT F, LDF (RLIN)
a 028227
949 ## - LOCAL PROCESSING INFORMATION (OCLC)
-- VIRTUAITEM
-- 10000
-- 1
-- 100
6 PUR000457837ENG
a E 719 N435
942 ## - ADDED ENTRY ELEMENTS (KOHA)
Source of classification or shelving scheme Dewey Decimal Classification
Koha item type Books
Holdings
Withdrawn status Lost status Damaged status Not for loan Collection code Home library Current library Shelving location Date acquired Total Checkouts Full call number Barcode Date last seen Price effective from Koha item type
        New English National Library of India National Library of India New English - Main Stack Division     E 719 N 435 PUR000457837ENG 01/06/2021 01/06/2021 Books
                                                                           
web counter

Copyright ©2020 The National Library of India, Govt. of India ↔ Hosted by NVLI, MOC ↔ Technology and Design by National Library of India, Ministry of Culture, Govt. of India